000
00298nam a22001217a 4500
008
170522b xxu||||| |||| 00| 0 eng d
041
_a
eng
080
_2
9 ED
_a
94(7/8)
100
_a
16
101
_a
SHH
245
_a
DIPLOMATIC HISTORY OF THE AMERICAN PEOPLE
_c
BAILEY.TH.A
942
_2
udc
_c
BK
999
_c
13651
_d
13651